00675nam a2200157Ia 4500001001000000003000500010008004100015010001100056040000900067100002800076245018000104260002700284300002500311502010600336650007500442Para_3081CHAP220125s1978 xx 000 0 und d a201475 cCHAP aSegura Miranda, Antonio aDiseño del método para cuantificar las microcantidades residuales de un pesticida organoclorado en arroz, por medio de cromatografía de gases /c Antonio Segura Miranda aMéxico :b El autor a57 h. ilus. gráfs. aTesis (Ing. Quím. Ind.) -- IPN. Escuela Superior de Ingeniería Química e Industrias Extractivas aPesticidas x Resíduos Arroz x Plagas Análisis cromatográfico